Le seul président de la République française restant... - Statistiques

Statistiques générales
  • Ce quiz a été pris 173 fois
  • Le résultat moyen est 15 sur 25
Statistiques - réponses
Le seul président restant... Réponse : % Correct
à avoir été maire de Paris. Jacques Chirac
92%
investi avant ses 40 ans. Emmanuel Macron
90%
à avoir vécu au XXIe siècle. François Hollande
86%
de la Deuxième République. Louis-Napoléon Bonaparte
84%
à avoir été Premier ministre. Georges Pompidou
82%
à avoir 3 lettres valant 10 points au Scrabble dans son nom. Nicolas Sarkozy
80%
de la Cinquième République. François Mitterrand
76%
né à l'étranger. Valéry Giscard d'Estaing
72%
à avoir une particule. Charles de Gaulle
68%
à être en fonction dans l'un des films OSS 117 avec Jean Dujardin. René Coty
68%
à être décédé au cours de son mandat. Marie-François Sadi Carnot
62%
à avoir les initiales du bonheur (comme Marylin Monroe ou Brigitte Bardot). Félix Faure
61%
né au XVIIIe siècle. Adolphe Thiers
59%
à être le premier Président d'une République. Vincent Auriol
57%
à avoir été en fonction au cours d'une seule année civile. Paul Deschanel
55%
à avoir un nom de famille contenu dans celui de son prédecesseur. Paul Doumer
52%
à avoir un nom en quatre mots. Patrice de Mac Mahon
50%
de l'entre-deux-guerres. Gaston Doumergue
41%
à avoir un prénom commençant et terminant par une voyelle. Alexandre Millerand
40%
à avoir été membre de l'Académie française. Raymond Poincaré
40%
à avoir un nom de famille composé. Jean Casimir-Perier
37%
à avoir été en fonction sur deux siècles différents. Émile Loubet
36%
à être mort avant le XXe siècle. Jules Grévy
36%
à avoir autant de lettres dans son prénom et son nom de famille. Albert Lebrun
34%
à avoir été élu. Armand Fallières
27%
Aucun quiz correspondant
Distribution des résultats
% des personnes avec chaque résultat
Percentile par nombre de réponses
Votre historique - résultats
Vous n’avez pas pris ce quiz